000
00358nam a2200169Ia 4500
100
_a
Pratap/Rudra
650
_a
Matlab
942
_c
BK
366
_f
20
654
_a
matlab 7
245
_a
Getting started with Matlab 7
260
_b
Oxford university press
_c
2006
082
_a
005.131/PRA
_b
PRA
300
_a
244
546
_a
ENGLISH
999
_c
32763
_d
32763